| 000 | 00845cab a2200253 4500 | ||
|---|---|---|---|
| 001 | WB3448-42 | ||
| 008 | 090401t1998 xxu||||| |||| 00| 0 eng d | ||
| 035 | _a(Sirsi) u90379 | ||
| 041 | _aeng | ||
| 245 | _aAsda promises to help farmers | ||
| 260 | _c1998 | ||
| 350 | _a0 | ||
| 490 |
_aIndependent _v18 December 1998, 21 |
||
| 490 |
_aGuardian _v18 December 1998, 23(1) |
||
| 520 | _aAsda has unveiled a £400m programme of support for British farmers. The `Farming Five` campaign will include an extension to the company`s experiments with long-term contracts for vegetable producers and long-term promotion of British meat. | ||
| 650 | _aASDA | ||
| 650 | _aFARMERS | ||
| 650 | _aFARMING FIVE CAMPAIGN | ||
| 650 | _aFARMING INDUSTRY | ||
| 650 | _aSUPERMARKETS | ||
| 690 | _aRURAL PRACTICE | ||
| 942 | _n0 | ||
| 948 | _c18/12/1998 | ||
| 999 |
_c57301 _d57301 |
||